Estatísticas para Cidades Portuguesas A-Z

Clique aqui para jogar o quiz

Estatísticas Gerais

  • Esse quiz foi jogado 79 vezes
  • A pontuação média é 8 de 17

Estatísticas das Respostas

LetraDicaCidade% Correto
AVeneza PortuguesaAveiro
91%
BCapital do Baixo AlentejoBeja
91%
TÉ conhecida pelo seu carnavalTorres Vedras
64%
HSede da Assembleia Legislativa dos AçoresHorta
60%
VLocal onde se organiza a Feira de São Mateus, uma das mais antigas do paísViseu
60%
SLocaliza-se ás margens do Rio SadoSetúbal
58%
QEsta cidade tem um Palácio NacionalQueluz
57%
IÉ conhecida pela Fábrica da Vista AlegreÍlhavo
49%
FRainha das Praias de PortugalFigueira da Foz
47%
LLocal do Santuário da Nossa Senhora dos RemédiosLamego
43%
CAQUAE FLAVIAE era o seu nome na época romanaChaves
42%
EConhecida pelas jazidas de mármoreEstremoz
36%
GCapital da OurivesariaGondomar
32%
RO nome da cidade é o mesmo que um tipo de vinhoRio Tinto
30%
PCapital Internacional do Vinho e da Vinha incorporada na Região Vinhateira do DouroPeso da Régua
28%
MA Torre do Lidador encontra-se aqui localizadaMaia
23%
OAqui localiza-se o Santuário de Nossa Senhora de La SaletteOliveira de Azeméis
17%

Distribuição das Pontuações

Percentil de Números Respondidos

Porcentagem de Pessoas com Cada Pontuação

Sua Pontuação Histórica

Você não jogou esse quiz